Alle Belgische voetbal teams - Statistieken

Algemene statistieken
  • Deze quiz is 178 keer genomen
  • De gemiddelde score is 8 van 16
Antwoordstatistieken
Antwoord % Correct
Club Brugge
99%
Anderlecht
93%
Antwerp
79%
Cercle Brugge
78%
Kaa Gent
64%
Krc Genk
53%
Charleroi
50%
KV Mechelen
50%
Sint-Truiden
45%
KV Kortrijk
43%
Standaard Luik
36%
OH Leuven
26%
RWDM
24%
KAS Eupen
15%
KVC Westerlo
13%
Union SG
10%
Geen overeenkomende quizzen gevonden
Scoreverdeling
Procent van Mensen met Elke Score
Percentiel versus Aantal Correcte Antwoorden
Uw Scoregeschiedenis
U heeft deze quiz nog niet genomen